Yüklüyor......
Enzymes
| Yazar: | |
|---|---|
| Materyal Türü: | Printed Book |
| Dil: | English |
| Baskı/Yayın Bilgisi: |
London
Longman
1979
|
| Edisyon: | 3rd ed |
| Konular: |
| LEADER | 00638nam a2200253 a 4500 | ||
|---|---|---|---|
| 001 | adlib96000001 | ||
| 003 | ViArRB | ||
| 005 | 20151026130713.0 | ||
| 008 | 960221s1955 dcuabcdjdbkoqu001 0deng d | ||
| 020 | |||
| 022 | |||
| 040 | |a Adlib | ||
| 082 | |a 577.15 | ||
| 245 | |a Enzymes | ||
| 250 | |a 3rd ed | ||
| 260 | |a London |b Longman |c 1979 | ||
| 300 | |a xxiv,1118p., ill. | ||
| 500 | |a Bibliog. P. 974-1076 | ||
| 100 | |a Dixon, Malcolm | ||
| 700 | |||
| 942 | |c BK |6 _ | ||
| 653 | |a Enzymes | ||
| 999 | |c 11135 |d 11135 | ||
| 952 | |0 0 |1 0 |4 0 |6 57715_DIX |7 0 |9 22591 |a UL |b UL |d 2010-06-16 |l 13 |o 577.15 DIX |p G0004374 |r 2015-05-04 |s 2015-04-10 |w 2010-06-16 |y BK | ||